Hautes statues de France par images - Statistiques

Statistiques générales
  • Ce quiz a été pris 127 fois
  • Le résultat moyen est 2 sur 9
Statistiques - réponses
Par images Réponse % Correct
Statue de Vercingétorix
68%
Lion de Belfort
56%
Statue de Notre-Dame de Garde
41%
Statue de Notre-Dame de France
21%
Apollon
7%
Statue de Saint Joseph de Bon Espoir
7%
Statue du Christ-Roi
3%
Vierge du Mas Rillier
3%
Vierge du Monton
3%
Aucun quiz correspondant
Distribution des résultats
% des personnes avec chaque résultat
Percentile par nombre de réponses
Votre historique - résultats
Vous n’avez pas pris ce quiz